[Event "Nizami Ganjavi 880 years U17"]
[Site "Tornelo INT"]
[Date "2021.04.04"]
[Round "7.7"]
[White "Luis Alvarez, Elizabeth"]
[Black "Garcia Andrada, Heidy Nicole"]
[Result "0-1"]
[WhiteElo "1880"]
[BlackElo "1912"]
[PlyCount "96"]
[EventDate "2021.04.02"]
[EventType "team-swiss (blitz)"]
[EventRounds "9"]
[EventCountry "AZE"]
[SourceTitle "EXT 2023"]
[Source "ChessBase"]
[SourceDate "2022.10.05"]
[SourceVersion "1"]
[SourceVersionDate "2022.10.05"]
[SourceQuality "1"]
[WhiteTeam "Cuba Masters"]
[BlackTeam "Peru"]
[WhiteTeamCountry "CUB"]
[BlackTeamCountry "PER"]

1. e4 c5 2. Nf3 e6 3. d4 cxd4 4. Nxd4 a6 5. c4 Nf6 6. Nc3 Qc7 7. a3 b6 8. Be3 Bb7 9. Bd3 d6 10. 0-0 Nbd7 11. b4 Rc8 12. Rc1 Be7 13. f4 Qb8 14. f5 e5 15. Nb3 Qa8 16. Qf3 0-0 17. g4 h6 18. h4 Nh7 19. Qg3 f6 20. Kf2 Kf7 21. Nd5 Bxd5 22. exd5 a5 23. Ra1 e4 24. Bxe4 Rxc4 25. Nd4 Ne5 26. Rfc1 Rfc8 27. Rxc4 Rxc4 28. b5 a4 29. Rc1 Rxc1 30. Bxc1 Qa5 31. Kg2 Nd7 32. Bf4 Nc5 33. Bc2 Nd7 34. Kh3 Ne5 35. Be4 Nf8 36. Qe3 Nfd7 37. g5 hxg5 38. hxg5 fxg5 39. Bg3 Bf6 40. Be1 Qa8 41. Ne6 Qh8+ 42. Kg2 g4 43. Nf4 Nc4 44. Qd3 Nde5 45. Qg3 Qh6 46. Ng6 Nxg6 47. fxg6+ Ke7 48. Qxg4 Ne3+ 0-1

[Event "Nizami Ganjavi 880 years U17"]
[Site "Tornelo INT"]
[Date "2021.04.02"]
[Round "3.3"]
[White "Luis Alvarez, Elizabeth"]
[Black "Ismayil, Malak"]
[Result "0-1"]
[WhiteElo "1880"]
[BlackElo "1997"]
[PlyCount "116"]
[EventDate "2021.04.02"]
[EventType "team-swiss (blitz)"]
[EventRounds "9"]
[EventCountry "AZE"]
[SourceTitle "EXT 2023"]
[Source "ChessBase"]
[SourceDate "2022.10.05"]
[SourceVersion "1"]
[SourceVersionDate "2022.10.05"]
[SourceQuality "1"]
[WhiteTeam "Cuba Masters"]
[BlackTeam "Azerbaijan II"]
[WhiteTeamCountry "CUB"]
[BlackTeamCountry "AZE"]

1. e4 e5 2. Nf3 Nc6 3. d4 exd4 4. Nxd4 Bc5 5. Nb3 Bb6 6. Qe2 d6 7. Nc3 Be6 8. Be3 Qf6 9. 0-0-0 Nge7 10. Nd5 Bxd5 11. exd5 Ne5 12. f4 Nc4 13. Qxc4 Bxe3+ 14. Kb1 c6 15. dxc6 bxc6 16. Re1 d5 17. Qa6 d4 18. g3 0-0 19. Bg2 Rfb8 20. Rhf1 Rb6 21. Qc4 Nf5 22. Be4 Nd6 23. Qd3 Nxe4 24. Qxe4 Rab8 25. c3 c5 26. Re2 Qd6 27. Rd1 Qe6 28. Qxe6 fxe6 29. cxd4 cxd4 30. Nxd4 Bxd4 31. Rxd4 Kf7 32. Rd7+ Kf6 33. Rxa7 Rd6 34. Rc7 Rbd8 35. b3 Rd1+ 36. Rc1 R1d6 37. Kb2 h5 38. a4 Rb8 39. Rc3 h4 40. Ka3 Rd1 41. Kb2 Rd6 42. Rec2 Rd4 43. Re2 Rxa4 44. Rc6 Rab4 45. Rcxe6+ Kf5 46. R2e3 hxg3 47. hxg3 Rd4 48. R6e5+ Kf6 49. R5e4 Rd2+ 50. Kc3 Rd1 51. Re2 Rc1+ 52. Rc2 Rg1 53. Re3 Rc8+ 54. Kb2 Rb8 55. Rc4 Rg2+ 56. Ka3 Rg1 57. b4 Rb1 58. Rb3 Ra8# 0-1

[Event "CUB-ch U18 Girls"]
[Site "Pinar del Rio"]
[Date "2019.07.03"]
[Round "9"]
[White "Hernandez Machado, Patricia M"]
[Black "Luis Alvarez, Elizabeth"]
[Result "1/2-1/2"]
[WhiteElo "2017"]
[BlackElo "1966"]
[PlyCount "109"]
[EventDate "2019.06.28"]
[EventType "swiss"]
[EventRounds "9"]
[EventCountry "CUB"]
[SourceTitle "CBM 195 Extra"]
[Source "ChessBase"]
[SourceDate "2020.05.31"]
[SourceVersion "1"]
[SourceVersionDate "2020.05.31"]
[SourceQuality "1"]

1. Nf3 Nf6 2. c4 e6 3. g3 d5 4. Bg2 Be7 5. 0-0 0-0 6. b3 c5 7. e3 Nc6 8. Bb2 b6 9. Nc3 Bb7 10. cxd5 Nxd5 11. Nxd5 Qxd5 12. d4 Bf6 13. Ne5 Qd6 14. dxc5 Qxd1 15. Raxd1 Nxe5 16. Bxb7 Rab8 17. c6 Nxc6 18. Bxf6 Rxb7 19. Bb2 h6 20. Rd6 Nb4 21. e4 Nxa2 22. Ra1 Nb4 23. Bc3 a5 24. Bxb4 axb4 25. Ra4 b5 26. Rxb4 Rc8 27. Rd3 Kf8 28. Kg2 Ke7 29. Kf3 Rc5 30. Ke3 e5 31. f4 f6 32. fxe5 fxe5 33. Kf3 Rd7 34. Re3 Rd2 35. Kg4 g6 36. Rf3 Rxh2 37. Rd3 Re2 38. Kf3 Rec2 39. Kg4 Rc1 40. Rd2 R1c3 41. Kh4 h5 42. g4 Rf3 43. gxh5 gxh5 44. Kxh5 Ke6 45. Rg2 Rh3+ 46. Kg4 Rd3 47. Rh2 Rd4 48. Rh6+ Ke7 49. Rxd4 exd4 50. Rb6 d3 51. Kf3 Rc3 52. Rxb5 d2+ 53. Ke2 Rd3 54. Kd1 Ke6 55. Rd5 1/2-1/2

[Event "CUB-ch U18 Girls"]
[Site "Pinar del Rio"]
[Date "2019.07.02"]
[Round "7"]
[White "Hernandez Gil, Ineymig"]
[Black "Luis Alvarez, Elizabeth"]
[Result "0-1"]
[WhiteElo "2116"]
[BlackElo "1966"]
[PlyCount "86"]
[EventDate "2019.06.28"]
[EventType "swiss"]
[EventRounds "9"]
[EventCountry "CUB"]
[SourceTitle "CBM 195 Extra"]
[Source "ChessBase"]
[SourceDate "2020.05.31"]
[SourceVersion "1"]
[SourceVersionDate "2020.05.31"]
[SourceQuality "1"]

1. e4 e5 2. Nf3 Nc6 3. Bc4 Bc5 4. c3 Nf6 5. d3 a6 6. 0-0 Ba7 7. Re1 d6 8. a4 0-0 9. h3 Re8 10. Nbd2 h6 11. b4 Be6 12. Qc2 Qd7 13. Bxe6 Qxe6 14. Ba3 Nh5 15. Nc4 b5 16. Ne3 Nf4 17. Kh2 d5 18. exd5 Nxd5 19. Nxd5 Qxd5 20. axb5 axb5 21. c4 Nd4 22. Nxd4 Qxd4 23. c5 Rad8 24. Red1 Bb8 25. Kg1 c6 26. Qb3 Qf4 27. Bc1 Qf5 28. Be3 Rd5 29. Ra6 Qc8 30. Ra3 Red8 31. Qc2 Qc7 32. g3 Qd7 33. Kg2 e4 34. d4 Qf5 35. Qe2 Be5 36. Ra6 Qc8 37. Qa2 Kh7 38. Ra7 Qf5 39. Rg1 Qf3+ 40. Kh2 Bb8 41. Ra6 Rh5 42. Qb1 Rxh3+ 43. Kxh3 Rd5 0-1

[Event "CUB-ch U18 Girls"]
[Site "Pinar del Rio"]
[Date "2019.06.28"]
[Round "1"]
[White "Miranda Medina, Fatima Patricia"]
[Black "Luis Alvarez, Elizabeth"]
[Result "1/2-1/2"]
[WhiteElo "1663"]
[BlackElo "1966"]
[PlyCount "120"]
[EventDate "2019.06.28"]
[EventType "swiss"]
[EventRounds "9"]
[EventCountry "CUB"]
[SourceTitle "CBM 195 Extra"]
[Source "ChessBase"]
[SourceDate "2020.05.31"]
[SourceVersion "1"]
[SourceVersionDate "2020.05.31"]
[SourceQuality "1"]

1. e4 d5 2. exd5 Qxd5 3. Nc3 Qa5 4. d4 c6 5. Nf3 Bf5 6. Bc4 e6 7. Bd2 Qc7 8. 0-0 Nf6 9. Re1 Be7 10. Ne5 Nbd7 11. Nxd7 Qxd7 12. Bf4 Nd5 13. Nxd5 cxd5 14. Bd3 Bxd3 15. Qxd3 0-0 16. Qg3 Rfc8 17. c3 b5 18. Be5 f6 19. Bf4 b4 20. Qe3 Kf7 21. Rac1 bxc3 22. Rxc3 Rxc3 23. bxc3 Bd6 24. Bxd6 Qxd6 25. Qf3 Rc8 26. h3 Kg8 27. Qe2 Rc6 28. Qb5 a6 29. Qa4 h6 30. Rc1 Rc4 31. Qe8+ Kh7 32. Re1 Rc6 33. h4 Rb6 34. h5 Qc6 35. Qxc6 Rxc6 36. Re3 Kg8 37. Kf1 Kf7 38. Ke2 Rb6 39. Kf3 a5 40. Re1 f5 41. Ke3 Kf6 42. f4 Rb2 43. Re2 Rb1 44. Rc2 Rh1 45. Rb2 Rxh5 46. Rb5 Rh1 47. Rxa5 g5 48. fxg5+ hxg5 49. g3 Rc1 50. Rc5 Re1+ 51. Kf2 Ra1 52. Ra5 Rc1 53. Ra3 f4 54. gxf4 gxf4 55. Kf3 Kf5 56. Rb3 Rc2 57. a4 Ra2 58. Rb8 Rxa4 59. Rf8+ Kg6 60. Kxf4 Kg7 1/2-1/2

[Event "CUB Province-chT Schools 54th"]
[Site "Santa Clara"]
[Date "2018.07.15"]
[Round "6.6"]
[White "Luis Alvarez, Elizabeth"]
[Black "Martinez Fish, Leidys Marai"]
[Result "1-0"]
[WhiteElo "1854"]
[BlackElo "1691"]
[PlyCount "117"]
[EventDate "2018.07.13"]
[EventType "team-swiss"]
[EventRounds "9"]
[EventCountry "CUB"]
[SourceTitle "CBM 195 Extra"]
[Source "ChessBase"]
[SourceDate "2020.05.31"]
[SourceVersion "1"]
[SourceVersionDate "2020.05.31"]
[SourceQuality "1"]
[WhiteTeam "Pinar del Rio"]
[BlackTeam "Isla de la Juventud"]
[WhiteTeamCountry "CUB"]
[BlackTeamCountry "CUB"]

1. e4 e6 2. d4 d5 3. Nd2 dxe4 4. Nxe4 Bd7 5. Nf3 Bc6 6. Bd3 Nd7 7. 0-0 Ngf6 8. Re1 Be7 9. b3 Bxe4 10. Bxe4 Nxe4 11. Rxe4 Nf6 12. Re1 0-0 13. Bb2 Bd6 14. c4 c6 15. Ne5 Qc7 16. Qf3 Rad8 17. Rad1 Nd7 18. Nxd7 Rxd7 19. h3 Rfd8 20. Qg4 Bf8 21. Bc3 c5 22. dxc5 Rxd1 23. Rxd1 Rxd1+ 24. Qxd1 Qxc5 25. Qd8 Qa3 26. Be5 b6 27. Qa8 a6 28. Bc7 b5 29. Bg3 bxc4 30. bxc4 h6 31. c5 Qxc5 32. Qxa6 Qa3 33. Qxa3 Bxa3 34. Kf1 Kf8 35. Ke2 Ke7 36. Kd3 f6 37. Kc4 e5 38. Kd5 g5 39. f3 Kd7 40. Bf2 h5 41. g4 h4 42. Bc5 Bxc5 43. Kxc5 Ke6 44. a4 f5 45. a5 e4 46. gxf5+ Kxf5 47. fxe4+ Kxe4 48. a6 Kf4 49. a7 Kg3 50. a8Q Kxh3 51. Qh1+ Kg3 52. Qg1+ Kf4 53. Kd4 h3 54. Qh2+ Kg4 55. Ke4 Kh4 56. Kf3 g4+ 57. Kf2 Kg5 58. Kg3 Kh5 59. Qd2 1-0

[Event "Capablanca Memorial U15 2nd"]
[Site "Havana"]
[Date "2018.05.17"]
[Round "5"]
[White "Luis Alvarez, Elizabeth"]
[Black "Perez Marimon, Jorge De Jesus"]
[Result "0-1"]
[WhiteElo "1835"]
[BlackElo "2076"]
[PlyCount "96"]
[EventDate "2018.05.14"]
[EventType "swiss"]
[EventRounds "7"]
[EventCountry "CUB"]
[SourceTitle "EXT 2021"]
[Source "ChessBase"]
[SourceDate "2020.10.23"]
[SourceVersion "1"]
[SourceVersionDate "2020.10.23"]
[SourceQuality "1"]

1. e4 e5 2. Nf3 Nc6 3. Bc4 Nf6 4. d3 Be7 5. 0-0 0-0 6. Nc3 d6 7. h3 Na5 8. Bb3 Nxb3 9. axb3 c6 10. d4 Qc7 11. Be3 b5 12. b4 Re8 13. Qd3 a5 14. bxa5 b4 15. Ne2 Rxa5 16. Rxa5 Qxa5 17. c4 Be6 18. Nd2 Qa6 19. f4 d5 20. b3 Nxe4 21. Nxe4 dxe4 22. Qxe4 f5 23. Qc2 e4 24. Qb2 Ra8 25. Nc1 Bf6 26. Qd2 Qa5 27. Rf2 Qa1 28. Kh2 Rd8 29. Ne2 Qa3 30. Qc2 Ra8 31. Nc1 Qa7 32. Qa2 Qb8 33. Qd2 Ra5 34. Qe1 Be7 35. Ra2 Rxa2 36. Nxa2 Bd6 37. g3 Be7 38. Bd2 Qa7 39. Qa1 Bxc4 40. bxc4 b3 41. Qb2 Qxa2 42. Qxa2 bxa2 43. Bc3 Kf7 44. Kg2 Bf6 45. c5 Ke6 46. Kf2 Kd5 47. Ke3 Kc4 48. Ba1 Bd8 0-1

[Event "Camaguey 504 Anniv Escolar"]
[Site "Camaguey"]
[Date "2018.??.??"]
[Round "5.4"]
[White "Hernandez Machado, Patricia M"]
[Black "Luis Alvarez, Elizabeth"]
[Result "1-0"]
[WhiteElo "1995"]
[BlackElo "1835"]
[PlyCount "93"]
[EventDate "2018.02.01"]
[EventType "team-tourn"]
[EventRounds "7"]
[EventCountry "CUB"]
[SourceTitle "EXT 2021"]
[Source "ChessBase"]
[SourceDate "2020.10.23"]
[SourceVersion "1"]
[SourceVersionDate "2020.10.23"]
[SourceQuality "1"]

1. d4 d5 2. Nf3 Nf6 3. c4 c6 4. Nc3 e6 5. g3 Bd6 6. Bg2 Nbd7 7. 0-0 b6 8. Nd2 Bb7 9. e4 dxe4 10. Ndxe4 Be7 11. Bf4 Nxe4 12. Bxe4 Nf6 13. Bg2 0-0 14. Re1 Bd6 15. Be5 Qe7 16. Qf3 Rfd8 17. Rad1 Rab8 18. Bxf6 Qxf6 19. Qxf6 gxf6 20. Ne4 Be7 21. g4 Rd7 22. d5 cxd5 23. cxd5 Rxd5 24. Rxd5 Bxd5 25. Rc1 Rb7 26. b3 Rd7 27. Rd1 Bc6 28. Rxd7 Bxd7 29. f4 Kg7 30. Kf2 Kg6 31. Ng3 Bd6 32. Ke3 e5 33. f5+ Kh6 34. Bd5 Bc5+ 35. Kf3 Kg5 36. Ne4+ Kh6 37. Nxf6 Bb5 38. h4 Kg7 39. g5 a5 40. a4 Bd3 41. Be4 Bxe4+ 42. Nxe4 h6 43. Nxc5 bxc5 44. Ke4 hxg5 45. hxg5 f6 46. g6 Kf8 47. Kd5 1-0